| 000 | 00697nam a2200229Ia 4500 | ||
|---|---|---|---|
| 003 | OSt | ||
| 005 | 20220926032318.0 | ||
| 006 | a|||||r|||| 00| 0 | ||
| 007 | ta | ||
| 008 | 220923b |||||||| |||| 00| 0 eng d | ||
| 037 | _cGeneral Book | ||
| 040 |
_aRTL _cRTL _beng |
||
| 041 |
_2eng _aeng |
||
| 082 | _aXoaY, M7/SC | ||
| 100 |
_aTINBERGEN Jan _9124570 |
||
| 245 | 0 |
_aWarfare and welfare _b Intergrating security policy into socio- economic policy |
|
| 260 |
_aSusser _bWheatsheaf Books _c1987 |
||
| 300 |
_axiv,189p. _ccm. |
||
| 700 |
_a FISCHER Dietrich _9337240 |
||
| 942 |
_hXoaY, M7/SC _cGB _2CC |
||
| 999 |
_c654374 _d654374 |
||